[Event "FIDE WCC Rapid Open 2019"]
[Site "Moscow"]
[Date "2019.12.26"]
[Round "5.3"]
[White "Dominguez Perez, Leinier"]
[Black "Giri, Anish"]
[Result "1-0"]
[WhiteElo "2755"]
[BlackElo "2747"]
[Annotator "TA"]
[PlyCount "53"]
[EventDate "2019.12.26"]
[EventType "swiss"]
[EventCountry "RUS"]
[Tiebreak "Cut2 Buchholz+Sum of Buchholz"]
[SourceTitle "playchess.com"]
[Source "ChessBase"]
[SourceQuality "1"]

1. e4 c5 2. Nf3 d6 3. d4 cxd4 4. Nxd4 Nf6 5. Nc3 a6 6. Be3 e5 7. Nb3 Be6 8. f3
h5 9. Nd5 Bxd5 10. exd5 Nbd7 11. Qd2 g6 12. O-O-O Bg7 13. Kb1 Qc7 14. Be2 O-O
15. g4 Rfc8 16. Rc1 hxg4 17. fxg4 a5 18. g5 a4 19. gxf6 Nxf6 20. h4 axb3 21.
cxb3 Qd7 22. Rcf1 Ne4 23. Qe1 Qc7 24. Bd3 Nc5 25. Bxc5 Qxc5 26. Qe4 f5 27. Qe2
1-0

[Event "FIDE WCC Rapid Open 2019"]
[Site "Moscow"]
[Date "2019.12.26"]
[Round "5.6"]
[White "Firouzja, Alireza"]
[Black "Duda, Jan-Krzysztof"]
[Result "0-1"]
[WhiteElo "2614"]
[BlackElo "2751"]
[Annotator "TA"]
[PlyCount "52"]
[EventDate "2019.12.26"]
[EventType "swiss"]
[EventCountry "RUS"]
[Tiebreak "Cut2 Buchholz+Sum of Buchholz"]
[SourceTitle "playchess.com"]
[Source "ChessBase"]
[SourceQuality "1"]

1. e4 d6 2. d4 Nf6 3. Nc3 g6 4. f4 Bg7 5. Nf3 O-O 6. Bd3 Nc6 7. e5 dxe5 8. dxe5
Nd5 9. Nxd5 Qxd5 10. Qe2 Bg4 11. Be4 Qa5+ 12. Bd2 Qb6 13. Bc3 Rad8 14. h3 Bxf3
15. Qxf3 Nd4 16. Qg3 f6 17. Bd3 fxe5 18. O-O-O exf4 19. Qg4 Qc5 20. Rhe1 Nc6
21. Qe6+ Kh8 22. Bxg7+ Kxg7 23. Kb1 Rf6 24. Qg4 Ne5 25. Qg5 Rd5 26. Be2 Qf2 0-1

[Event "FIDE WCC Rapid Open 2019"]
[Site "Moscow"]
[Date "2019.12.26"]
[Round "5.9"]
[White "Melkumyan, Hrant"]
[Black "Aronian, Levon"]
[Result "1/2-1/2"]
[WhiteElo "2631"]
[BlackElo "2784"]
[Annotator "TA"]
[PlyCount "26"]
[EventDate "2019.12.26"]
[EventType "swiss"]
[EventCountry "RUS"]
[Tiebreak "Cut2 Buchholz+Sum of Buchholz"]
[SourceTitle "playchess.com"]
[Source "ChessBase"]
[SourceQuality "1"]

1. d4 d5 2. c4 e6 3. Nf3 Nd7 4. Nc3 Ngf6 5. Bf4 dxc4 6. e3 b5 7. Nxb5 Bb4+ 8.
Nc3 Nd5 9. Rc1 N7b6 10. Bg3 c5 11. Be2 O-O 12. O-O Bb7 13. Nxd5 Qxd5 1/2-1/2

[Event "FIDE WCC Rapid Open 2019"]
[Site "Moscow"]
[Date "2019.12.26"]
[Round "5.23"]
[White "Kovalev, Vladislav"]
[Black "Kamsky, Gata"]
[Result "1/2-1/2"]
[WhiteElo "2597"]
[BlackElo "2755"]
[Annotator "TA"]
[PlyCount "37"]
[EventDate "2019.12.26"]
[EventType "swiss"]
[EventCountry "RUS"]
[Tiebreak "Cut2 Buchholz+Sum of Buchholz"]
[SourceTitle "playchess.com"]
[Source "ChessBase"]
[SourceQuality "1"]

1. e4 g6 2. d4 Bg7 3. Nc3 d6 4. g3 Nf6 5. Bg2 O-O 6. Nge2 e5 7. h3 Nc6 8. Be3
exd4 9. Nxd4 Bd7 10. O-O Re8 11. Re1 Qc8 12. Kh2 Re5 13. g4 h5 14. g5 Nh7 15.
f4 Re8 16. h4 Nxd4 17. Bxd4 Bxd4 18. Qxd4 Bc6 19. Rad1 1/2-1/2

[Event "FIDE WCC Rapid Open 2019"]
[Site "Moscow"]
[Date "2019.12.26"]
[Round "5.24"]
[White "Alekseev, Evgeny"]
[Black "Karjakin, Sergey"]
[Result "1/2-1/2"]
[WhiteElo "2603"]
[BlackElo "2749"]
[Annotator "TA"]
[PlyCount "33"]
[EventDate "2019.12.26"]
[EventType "swiss"]
[EventCountry "RUS"]
[Tiebreak "Cut2 Buchholz+Sum of Buchholz"]
[SourceTitle "playchess.com"]
[Source "ChessBase"]
[SourceQuality "1"]

1. e4 e5 2. Nf3 Nc6 3. Bc4 Bc5 4. O-O Nf6 5. d3 d6 6. c3 a6 7. Bb3 O-O 8. h3 h6
9. Re1 Re8 10. Nbd2 Be6 11. Nf1 Bxb3 12. axb3 d5 13. Qe2 Qd7 14. Ng3 Rad8 15.
Nh4 dxe4 16. Nxe4 Nxe4 17. dxe4 1/2-1/2

[Event "FIDE WCC Rapid Open 2019"]
[Site "Moscow"]
[Date "2019.12.26"]
[Round "5.36"]
[White "Antipov, Mikhail Al."]
[Black "Yanchenko, Roman"]
[Result "1/2-1/2"]
[WhiteElo "2636"]
[BlackElo "2447"]
[Annotator "ChessBase"]
[PlyCount "130"]
[EventDate "2019.12.26"]
[EventType "swiss"]
[EventCountry "RUS"]
[Tiebreak "Cut2 Buchholz+Sum of Buchholz"]
[SourceTitle "playchess.com"]
[Source "ChessBase"]
[SourceQuality "1"]

1. e4 e6 2. d4 d5 3. Nd2 c5 4. Ngf3 Nc6 5. exd5 exd5 6. Bb5 c4 7. O-O Bd6 8. b3
cxb3 9. axb3 Nge7 10. c3 O-O 11. Ba3 Bxa3 12. Rxa3 Bf5 13. Re1 a6 14. Be2 Qd6
15. Ra2 Ng6 16. g3 Rae8 17. Nf1 Bd7 18. Ne3 Re7 19. Qd2 Rfe8 20. c4 dxc4 21.
bxc4 Re4 22. Rd1 h6 23. Bf1 Bg4 24. Nxg4 Rxg4 25. Bg2 Rd8 26. Qe3 Nge7 27. h3
Rg6 28. d5 Nb4 29. Re2 Nf5 30. Qe4 Qf6 31. c5 a5 32. Ne5 Rxg3 33. fxg3 Nxg3 34.
Qe3 Nxe2+ 35. Qxe2 Re8 36. Ng4 Qd8 37. Qf2 a4 38. Qf4 Qa5 39. d6 a3 40. d7 Rd8
41. Qe5 Nc6 42. Bxc6 bxc6 43. Qe8+ Kh7 44. Qxf7 Qxc5+ 45. Kh1 Qg5 46. Qe6 Qf4
47. Qxc6 h5 48. Nh2 Qf5 49. Qf3 Qa5 50. Qe4+ Kh8 51. Nf3 a2 52. Qe5 Qa8 53.
Qxh5+ Kg8 54. Kg2 Rxd7 55. Re1 Rf7 56. Ra1 Qa3 57. Kg3 Qd6+ 58. Kg2 Qa3 59. Kg3
Qb2 60. Rf1 a1=Q 61. Rxa1 Qxa1 62. Qd5 Qf6 63. Ng5 Qf2+ 64. Kg4 Qf4+ 65. Kh5
Qf5 1/2-1/2

[Event "FIDE WCC Rapid Open 2019"]
[Site "Moscow"]
[Date "2019.12.26"]
[Round "5.41"]
[White "Nozdrachev, Vladislav"]
[Black "Korobov, Anton"]
[Result "1-0"]
[WhiteElo "2558"]
[BlackElo "2818"]
[Annotator "TA"]
[PlyCount "47"]
[EventDate "2019.12.26"]
[EventType "swiss"]
[EventCountry "RUS"]
[Tiebreak "Cut2 Buchholz+Sum of Buchholz"]
[SourceTitle "playchess.com"]
[Source "ChessBase"]
[SourceQuality "1"]

1. e4 c5 2. Nf3 d6 3. Bb5+ Nd7 4. O-O a6 5. Bd3 Ngf6 6. c3 Ne5 7. Be2 Ng6 8.
Re1 e6 9. Bf1 Be7 10. d4 O-O 11. Nbd2 cxd4 12. cxd4 Bd7 13. e5 dxe5 14. dxe5
Nd5 15. g3 Rc8 16. a3 Qc7 17. h4 Bc5 18. h5 Nge7 19. Ne4 Ba7 20. h6 g6 21. Bg5
Nf5 22. g4 Nfe7 23. Bxe7 Nxe7 24. Nf6+ 1-0

[Event "FIDE WCC Rapid Open 2019"]
[Site "Moscow"]
[Date "2019.12.26"]
[Round "5.42"]
[White "Yu, Yangyi"]
[Black "Geller, Jakov"]
[Result "0-1"]
[WhiteElo "2747"]
[BlackElo "2536"]
[Annotator "TA"]
[PlyCount "110"]
[EventDate "2019.12.26"]
[EventType "swiss"]
[EventCountry "RUS"]
[Tiebreak "Cut2 Buchholz+Sum of Buchholz"]
[SourceTitle "playchess.com"]
[Source "ChessBase"]
[SourceQuality "1"]

1. Nf3 d5 2. d4 Nf6 3. c4 e6 4. Nc3 c6 5. Bg5 dxc4 6. e4 b5 7. e5 h6 8. Bh4 g5
9. Nxg5 hxg5 10. Bxg5 Nbd7 11. g3 Bb7 12. Bg2 Qb6 13. exf6 c5 14. d5 O-O-O 15.
O-O b4 16. Na4 Qa6 17. a3 Bxd5 18. Bxd5 Ne5 19. Qe2 Rxd5 20. Nxc5 Rxc5 21. axb4
Qb7 22. f4 Nd3 23. h4 Qxb4 24. Kh2 Rc7 25. b3 Bc5 26. Rfb1 Rd8 27. Ra4 Qb7 28.
Rxc4 Bb6 29. Rxc7+ Bxc7 30. Rd1 Qxb3 31. h5 e5 32. h6 exf4 33. gxf4 Qc4 34. Qf3
Bxf4+ 35. Bxf4 Qxf4+ 36. Qxf4 Nxf4 37. Ra1 Rh8 38. Kg3 Nh5+ 39. Kh4 Nxf6 40.
Kg5 Ne4+ 41. Kf5 Nd6+ 42. Kg5 Ne4+ 43. Kf5 Nd6+ 44. Kg5 Kb7 45. Rh1 a5 46. Kf6
Rh7 47. Rh5 a4 48. Rh4 a3 49. Kg5 Kc6 50. Ra4 Nb5 51. Kh5 Kd6 52. Kg5 Rh8 53.
Ra5 Kc5 54. Ra4 Rg8+ 55. Kh5 Nd6 0-1

[Event "FIDE WCC Rapid Open 2019"]
[Site "Moscow"]
[Date "2019.12.26"]
[Round "5.44"]
[White "Petrosian, Tigran L."]
[Black "Shcherbakov, Ruslan"]
[Result "1-0"]
[WhiteElo "2721"]
[BlackElo "2520"]
[Annotator "TA"]
[PlyCount "57"]
[EventDate "2019.12.26"]
[EventType "swiss"]
[EventCountry "RUS"]
[Tiebreak "Cut2 Buchholz+Sum of Buchholz"]
[SourceTitle "playchess.com"]
[Source "ChessBase"]
[SourceQuality "1"]

1. Nf3 c5 2. c4 g6 3. Nc3 Bg7 4. g3 Nc6 5. Bg2 d6 6. O-O Nh6 7. d4 cxd4 8. Nxd4
Nxd4 9. Bxh6 Bxh6 10. Qxd4 O-O 11. Rfd1 Bg7 12. Qe3 Bd7 13. c5 dxc5 14. Qxc5
Qc8 15. Qxe7 Bc6 16. Bxc6 Qxc6 17. Rac1 Rfe8 18. Qa3 Re5 19. Qb3 Rc8 20. Rc2
Rce8 21. Nd5 Qe6 22. e3 b6 23. Rcd2 h5 24. Qa4 Rc8 25. Qxa7 h4 26. Nf4 Qe8 27.
Qxb6 hxg3 28. hxg3 Rb5 29. Qa6 1-0

[Event "FIDE WCC Rapid Open 2019"]
[Site "Moscow"]
[Date "2019.12.26"]
[Round "5.46"]
[White "Rychagov, Andrey"]
[Black "Tomashevsky, Evgeny"]
[Result "0-1"]
[WhiteElo "2543"]
[BlackElo "2714"]
[Annotator "TA"]
[PlyCount "68"]
[EventDate "2019.12.26"]
[EventType "swiss"]
[EventCountry "RUS"]
[Tiebreak "Cut2 Buchholz+Sum of Buchholz"]
[SourceTitle "playchess.com"]
[Source "ChessBase"]
[SourceQuality "1"]

1. d4 Nf6 2. c4 e6 3. Nf3 d5 4. e3 Be7 5. Bd3 O-O 6. O-O c5 7. dxc5 Na6 8. Nc3
Nxc5 9. Be2 dxc4 10. Bxc4 b6 11. Qe2 Bb7 12. Rd1 Qc7 13. Nb5 Qb8 14. b4 a6 15.
bxc5 axb5 16. Bxb5 bxc5 17. a4 Ng4 18. h3 Bxf3 19. Qxf3 Qh2+ 20. Kf1 Qe5 21.
Qe2 Qxa1 22. Bb2 Qa2 23. Ra1 Nxe3+ 24. fxe3 Qd5 25. Qg4 Qg5 26. Qxg5 Bxg5 27.
Ke2 Rfd8 28. Bc3 Bf6 29. Bxf6 gxf6 30. a5 Rdb8 31. Bc4 Kf8 32. a6 Ke7 33. Kd3
f5 34. Kc3 h5 0-1

[Event "FIDE WCC Rapid Open 2019"]
[Site "Moscow"]
[Date "2019.12.26"]
[Round "5.48"]
[White "Gelfand, Boris"]
[Black "Glek, Igor"]
[Result "1-0"]
[WhiteElo "2700"]
[BlackElo "2478"]
[Annotator "TA"]
[PlyCount "99"]
[EventDate "2019.12.26"]
[EventType "swiss"]
[EventCountry "RUS"]
[Tiebreak "Cut2 Buchholz+Sum of Buchholz"]
[SourceTitle "playchess.com"]
[Source "ChessBase"]
[SourceQuality "1"]

1. d4 d5 2. c4 e6 3. Nf3 c5 4. cxd5 exd5 5. g3 Nc6 6. Bg2 Nf6 7. O-O h6 8. Nc3
Be6 9. b3 Rc8 10. Bb2 a6 11. Rc1 Nxd4 12. Nxd4 cxd4 13. Qxd4 Bc5 14. Qd3 O-O
15. Na4 Be7 16. Rxc8 Qxc8 17. Nb6 Qc6 18. Bxf6 Bxf6 19. Nxd5 Bxd5 20. Bxd5 Qc7
21. a4 a5 22. Qc4 Qxc4 23. bxc4 b6 24. Kg2 Re8 25. e4 Bd4 26. Rd1 Bc5 27. Bc6
Rc8 28. Bb7 Rc7 29. Rd8+ Kh7 30. Bd5 g6 31. e5 Kg7 32. f4 Re7 33. Kf3 h5 34.
Rc8 Bd4 35. Rc6 Bc5 36. Ke4 Bg1 37. h3 Bf2 38. g4 hxg4 39. hxg4 Bg3 40. Kf3 Bh2
41. Rxb6 g5 42. fxg5 Bxe5 43. c5 Bd4 44. Rb5 Re3+ 45. Kf4 Rc3 46. c6 Be3+ 47.
Kf5 Rc2 48. Rb7 Rf2+ 49. Ke4 Bxg5 50. c7 1-0

[Event "FIDE WCC Rapid Open 2019"]
[Site "Moscow"]
[Date "2019.12.26"]
[Round "5.83"]
[White "Salgado Lopez, Ivan"]
[Black "Zarubitski, Viachaslau"]
[Result "1/2-1/2"]
[WhiteElo "2527"]
[BlackElo "2273"]
[Annotator "ChessBase"]
[PlyCount "129"]
[EventDate "2019.12.26"]
[EventType "swiss"]
[EventCountry "RUS"]
[Tiebreak "Cut2 Buchholz+Sum of Buchholz"]
[SourceTitle "playchess.com"]
[Source "ChessBase"]
[SourceQuality "1"]

1. e4 e5 2. Bc4 Nf6 3. d3 c6 4. Nf3 d5 5. Bb3 Bb4+ 6. Bd2 Bxd2+ 7. Nbxd2 a5 8.
a4 Qc7 9. O-O O-O 10. Re1 Re8 11. d4 Bg4 12. dxe5 Rxe5 13. exd5 Rxe1+ 14. Qxe1
cxd5 15. Bxd5 Nbd7 16. Bb3 Re8 17. Qf1 Nc5 18. h3 Nxb3 19. cxb3 Bxf3 20. Nxf3
Qc2 21. Re1 Qxb3 22. Rxe8+ Nxe8 23. Qe1 Qxa4 24. b3 Qb5 25. Qe7 Qc6 26. g3 h6
27. Nd4 Qc8 28. Qe5 Qd8 29. Nf5 Nf6 30. Nd6 Qc7 31. Qd4 Qc1+ 32. Kh2 Qc6 33.
Nc4 a4 34. Ne5 Qe4 35. Qxe4 Nxe4 36. bxa4 Nxf2 37. Kg2 Ne4 38. Nd7 f6 39. Kf3
Nd6 40. Nc5 Kf7 41. a5 Ke7 42. Nxb7 Nb5 43. Ke4 Ke6 44. Nc5+ Kd6 45. Nd3 g6 46.
g4 Kc6 47. Nb4+ Kc5 48. Nd3+ Kc6 49. a6 Kb6 50. Kd5 Kxa6 51. Ke6 f5 52. gxf5
Nd4+ 53. Kf6 gxf5 54. Kg6 Kb5 55. Kxh6 Kc4 56. Nf4 Nf3 57. Kg6 Kd4 58. Kxf5 Ke3
59. Ng6 Kf2 60. Kg4 Nh2+ 61. Kf4 Nf3 62. Ne5 Nxe5 63. Kxe5 Kg3 64. Kf5 Kxh3 65.
Ke4 1/2-1/2

[Event "FIDE WCC Rapid Open 2019"]
[Site "Moscow"]
[Date "2019.12.26"]
[Round "5.87"]
[White "Batchuluun, Tsegmed"]
[Black "Sychev, Klementy"]
[Result "1/2-1/2"]
[WhiteElo "2448"]
[BlackElo "2562"]
[Annotator "ChessBase"]
[PlyCount "42"]
[EventDate "2019.12.26"]
[EventType "swiss"]
[EventCountry "RUS"]
[Tiebreak "Cut2 Buchholz+Sum of Buchholz"]
[SourceTitle "playchess.com"]
[Source "ChessBase"]
[SourceQuality "1"]

1. d4 Nf6 2. c4 g6 3. Nc3 d5 4. Bf4 Bg7 5. e3 c5 6. dxc5 Qa5 7. Rc1 Nbd7 8.
cxd5 O-O 9. Bc4 Nxc5 10. Nge2 Bd7 11. a3 Ba4 12. b4 Bxd1 13. bxa5 Bb3 14. Bxb3
Nxb3 15. Rb1 Nxa5 16. Be5 b6 17. a4 Nc4 18. Bd4 e5 19. dxe6 fxe6 20. Bxf6 Rxf6
21. Ne4 Rf7 1/2-1/2

[Event "FIDE WCC Rapid Open 2019"]
[Site "Moscow"]
[Date "2019.12.26"]
[Round "5.92"]
[White "Atabayev, Maksat"]
[Black "Studer, Noel"]
[Result "1-0"]
[WhiteElo "2527"]
[BlackElo "2405"]
[Annotator "ChessBase"]
[PlyCount "160"]
[EventDate "2019.12.26"]
[EventType "swiss"]
[EventCountry "RUS"]
[Tiebreak "Cut2 Buchholz+Sum of Buchholz"]
[SourceTitle "playchess.com"]
[Source "ChessBase"]
[SourceQuality "1"]

1. Nf3 d5 2. g3 Nf6 3. c4 d4 4. Bg2 c5 5. O-O Nc6 6. e3 e6 7. exd4 cxd4 8. Re1
Bd6 9. d3 O-O 10. Bg5 h6 11. Bxf6 Qxf6 12. Nbd2 Qe7 13. a3 a5 14. Nb3 Qf6 15.
Nfd2 Bc7 16. Ne4 Qe7 17. f4 a4 18. Nbd2 Rd8 19. Nf2 Qf8 20. Rc1 Bd7 21. Nf3 Be8
22. Nh4 Bd7 23. Be4 Ra5 24. Rc2 Bd6 25. Qe2 Be7 26. Nf3 Be8 27. Nd2 Raa8 28. f5
Bd7 29. fxe6 Bxe6 30. Bd5 Bg5 31. Bxe6 Re8 32. Bxf7+ Qxf7 33. Nde4 Be3 34. Kg2
Ne5 35. Ng4 Nxg4 36. Qxg4 Rf8 37. Qe2 Qg6 38. Rf1 Rfe8 39. Qf3 Rf8 40. Qd1 Rfe8
41. h3 Qc6 42. Kh2 Rac8 43. b4 axb3 44. Rb2 Rc7 45. Qxb3 Kh7 46. Qb5 Qxb5 47.
Rxb5 Ra8 48. Rb3 b6 49. h4 Rca7 50. Ra1 Ra5 51. Kh3 R8a6 52. Nd6 Re5 53. Rf1
Re6 54. Nb5 Re7 55. Rbb1 Ra8 56. Rf3 Rd8 57. Rbf1 Rdd7 58. Rf5 Rd8 59. Rf8 Rxf8
60. Rxf8 Bd2 61. Rf3 Rd7 62. h5 g6 63. g4 Kg7 64. a4 Bc3 65. Kg2 Bb4 66. Rf4
Bc5 67. Re4 gxh5 68. gxh5 Kf6 69. Kh3 Kf5 70. Kg3 Rd8 71. Kf3 Rd7 72. Re8 Rf7
73. Re4 Rd7 74. Ke2 Rd8 75. Nc7 Rg8 76. Ne6 Rg1 77. Nxd4+ Kf6 78. Ne6 Ra1 79.
Nxc5 Rxa4 80. Rg4 bxc5 1-0

[Event "FIDE WCC Rapid Open 2019"]
[Site "Moscow"]
[Date "2019.12.26"]
[Round "5.93"]
[White "Tran, Tuan Minh"]
[Black "Atabayev, Saparmyrat"]
[Result "1-0"]
[WhiteElo "2511"]
[BlackElo "2258"]
[Annotator "ChessBase"]
[PlyCount "117"]
[EventDate "2019.12.26"]
[EventType "swiss"]
[EventCountry "RUS"]
[Tiebreak "Cut2 Buchholz+Sum of Buchholz"]
[SourceTitle "playchess.com"]
[Source "ChessBase"]
[SourceQuality "1"]

1. d4 Nf6 2. c4 e6 3. Nc3 Bb4 4. e3 b6 5. Nge2 Bb7 6. a3 Bxc3+ 7. Nxc3 O-O 8.
Bd3 d5 9. O-O dxc4 10. Bxc4 Nbd7 11. b4 c5 12. Bb2 Rc8 13. dxc5 bxc5 14. b5 Ne5
15. Be2 c4 16. Qc2 Qc7 17. h3 Ng6 18. Rfd1 Qc5 19. Rd4 Qg5 20. g3 e5 21. Rd6
Nh4 22. e4 Ng6 23. Bc1 Nf4 24. Kh2 Rcd8 25. Rxd8 Rxd8 26. Be3 Qh6 27. gxf4 exf4
28. Rd1 Re8 29. Bc1 Bc8 30. Bf1 Ng4+ 31. Kg1 Ne5 32. Bg2 Bxh3 33. Bxf4 Nf3+ 34.
Bxf3 Qxf4 35. Bg2 Qg5 36. f4 Qg4 37. Rf1 Re6 38. Qe2 Qh4 39. Qf2 Qh6 40. f5 Re8
41. Nd5 Qg5 42. Qf3 Bxg2 43. Qxg2 Qh4 44. Rf4 Qe1+ 45. Rf1 Qh4 46. Rf4 Qe1+ 47.
Kh2 Kh8 48. Qg3 Qe2+ 49. Kh3 Qd1 50. Qf3 Qd2 51. Rg4 Qh6+ 52. Kg3 Qd6+ 53. Kg2
Qh6 54. f6 g6 55. Qf4 Qf8 56. Rh4 Qxa3 57. Qh6 Qb2+ 58. Kf3 Qc3+ 59. Nxc3 1-0

[Event "FIDE WCC Rapid Open 2019"]
[Site "Moscow"]
[Date "2019.12.26"]
[Round "5.98"]
[White "Thing, Bibek"]
[Black "Abdusattorov, Nodirbek"]
[Result "0-1"]
[WhiteElo "2026"]
[BlackElo "2418"]
[Annotator "NA"]
[PlyCount "74"]
[EventDate "2019.12.26"]
[EventType "swiss"]
[EventCountry "RUS"]
[Tiebreak "Cut2 Buchholz+Sum of Buchholz"]
[SourceTitle "playchess.com"]
[Source "ChessBase"]
[SourceQuality "1"]

1. e4 c5 2. Nf3 d6 3. Bb5+ Nd7 4. O-O Ngf6 5. Qe2 a6 6. Bxd7+ Nxd7 7. c3 g6 8.
d4 Bg7 9. Bg5 O-O 10. h3 h6 11. Bh4 Nf6 12. Rd1 cxd4 13. cxd4 Nh5 14. Ne1 f5
15. exf5 Bxf5 16. Bxe7 Re8 17. Qxh5 Qxe7 18. Qf3 Qe2 19. Qb3+ Be6 20. Qc2 Qh5
21. Nc3 Rac8 22. Qd3 b5 23. a3 Bb3 24. Rd2 Bc4 25. Qg3 Re6 26. Nc2 Bf6 27. Ne3
Bh4 28. Qg4 Qxg4 29. hxg4 Bg5 30. Nxc4 bxc4 31. Rdd1 Rb8 32. Rab1 Re7 33. Nd5
Re2 34. f4 Bh4 35. Rdc1 Bg3 36. Rc3 Rbxb2 37. Rxb2 Re1# 0-1

[Event "FIDE WCC Rapid Open 2019"]
[Site "Moscow"]
[Date "2019.12.27"]
[Round "6.12"]
[White "Giri, Anish"]
[Black "Amin, Bassem"]
[Result "1/2-1/2"]
[WhiteElo "2747"]
[BlackElo "2610"]
[Annotator "TA"]
[PlyCount "261"]
[EventDate "2019.12.26"]
[EventType "swiss"]
[EventCountry "RUS"]
[Tiebreak "Cut2 Buchholz+Sum of Buchholz"]
[SourceTitle "playchess.com"]
[Source "ChessBase"]
[SourceQuality "1"]

1. e4 e5 2. Nf3 Nc6 3. Bb5 a6 4. Ba4 Nf6 5. O-O Be7 6. Re1 b5 7. Bb3 d6 8. c3
O-O 9. h3 Nb8 10. d4 Nbd7 11. Nbd2 Bb7 12. Bc2 Re8 13. Nf1 Bf8 14. Ng3 g6 15.
a4 Nb6 16. a5 Nbd7 17. d5 c6 18. dxc6 Bxc6 19. b4 Qc7 20. Bb3 Qb7 21. Ng5 d5
22. Ra2 h6 23. Nxf7 Kxf7 24. Rd2 Qc8 25. exd5 Bb7 26. Rd3 Kg7 27. h4 h5 28. Bg5
Bd6 29. Rde3 Qc7 30. Qd3 Nh7 31. Bc2 Ndf8 32. Qd1 Kh8 33. Nxh5 Nxg5 34. hxg5
gxh5 35. Qxh5+ Kg8 36. Rf3 Qg7 37. Rf6 Be7 38. Re3 Bxd5 39. Rg3 Red8 40. Rh6
Rd6 41. g6 Be6 42. Rh7 Bf6 43. Rxg7+ Bxg7 44. Rf3 Ra7 45. Be4 Rad7 46. Kh2 Bc4
47. Qg5 Ne6 48. Qh4 Nf8 49. Qg5 Ne6 50. Qh5 Nf8 51. Bf5 Re7 52. Re3 Rf6 53. Qg5
Ne6 54. Qg4 Nf8 55. Qg5 Ne6 56. Qh5 Nf8 57. Kg1 Rd6 58. Qg5 Bf6 59. Qg4 Bg7 60.
Rh3 Be6 61. Rf3 Bxf5 62. Rxf5 Ree6 63. g3 Rxg6 64. Qe4 Rge6 65. Kg2 Rd8 66. Qb7
Bf6 67. Qc7 Rd7 68. Qc8 Rde7 69. c4 bxc4 70. Qxc4 Kg7 71. b5 axb5 72. Qxb5 Ng6
73. Rf3 e4 74. Ra3 Bd4 75. Qc4 Ba7 76. a6 Rf6 77. Ra2 Ref7 78. Qxe4 Bxf2 79.
Rb2 Ba7 80. Rb7 Rf2+ 81. Kh3 R2f6 82. Qd5 Bf2 83. Qb3 Ba7 84. Qc3 Bf2 85. Kg4
Nf8 86. Kh3 Kg6 87. Qc2+ Kg7 88. Qb2 Kg6 89. Qb1+ Kg7 90. Qa1 Ba7 91. Qe5 Kg6
92. Kg4 Nh7 93. Qe4+ Kg7 94. Qe5 Kg6 95. Kh4 Bf2 96. Qh5+ Kg7 97. Qg4+ Kh6 98.
Qh5+ Kg7 99. Qe5 Kg6 100. Rb4 Rf5 101. Qe6+ R7f6 102. Qe2 Rf4+ 103. Rxf4 Rxf4+
104. Kh3 Rf7 105. Qc2+ Kg7 106. Qb2+ Kg8 107. Qb8+ Nf8 108. g4 Ba7 109. Qd6
Rh7+ 110. Kg3 Rd7 111. Qe5 Bd4 112. Qe4 Kg7 113. g5 Ba7 114. Qe5+ Kg8 115. Kg4
Rf7 116. Qd5 Kg7 117. Qe5+ Kg8 118. Qd6 Rd7 119. Qc6 Re7 120. Qc4+ Kg7 121.
Qc3+ Kg8 122. Kf5 Rf7+ 123. Ke4 Re7+ 124. Kd5 Rg7 125. Qe5 Rg6 126. Qe2 Rxg5+
127. Kc6 Rg7 128. Qc4+ Kh7 129. Qh4+ Kg6 130. Qg4+ Kf7 131. Qxg7+ 1/2-1/2

[Event "FIDE WCC Rapid Open 2019"]
[Site "Moscow"]
[Date "2019.12.27"]
[Round "6.19"]
[White "Petrov, Nikita"]
[Black "Ponkratov, Pavel"]
[Result "1-0"]
[WhiteElo "2543"]
[BlackElo "2687"]
[Annotator "ChessBase"]
[PlyCount "81"]
[EventDate "2019.12.26"]
[EventType "swiss"]
[EventCountry "RUS"]
[Tiebreak "Cut2 Buchholz+Sum of Buchholz"]
[SourceTitle "playchess.com"]
[Source "ChessBase"]
[SourceQuality "1"]

1. d4 Nf6 2. c4 e6 3. Nc3 Bb4 4. e3 b6 5. Nge2 Bb7 6. a3 Bd6 7. f3 Be7 8. e4 d5
9. cxd5 exd5 10. e5 Nfd7 11. f4 c5 12. g3 Nc6 13. Be3 cxd4 14. Nxd4 Nxd4 15.
Bxd4 O-O 16. Bg2 f6 17. e6 Nc5 18. f5 Ba6 19. Bf1 Bc4 20. Bxc4 dxc4 21. Bxc5
Bxc5 22. Qd5 Qe7 23. Rd1 Rfd8 24. Qe4 Rxd1+ 25. Kxd1 Rd8+ 26. Kc2 Rd4 27. Qa8+
Rd8 28. Qc6 Rd6 29. Qa8+ Rd8 30. Qg2 g6 31. g4 Qc7 32. Rd1 Rxd1 33. Kxd1 Kg7
34. g5 Qd6+ 35. Nd5 Bd4 36. Qe4 Be5 37. e7 gxf5 38. gxf6+ Kf7 39. Qf3 Bxf6 40.
Qh5+ Kg7 41. e8=N+ 1-0

[Event "FIDE WCC Rapid Open 2019"]
[Site "Moscow"]
[Date "2019.12.27"]
[Round "6.23"]
[White "Shirov, Alexei"]
[Black "Nihal Sarin"]
[Result "1-0"]
[WhiteElo "2672"]
[BlackElo "2292"]
[Annotator "ChessBase"]
[PlyCount "97"]
[EventDate "2019.12.26"]
[EventType "swiss"]
[EventCountry "RUS"]
[Tiebreak "Cut2 Buchholz+Sum of Buchholz"]
[SourceTitle "playchess.com"]
[Source "ChessBase"]
[SourceQuality "1"]

1. d4 Nf6 2. c4 e6 3. Nf3 d5 4. g3 dxc4 5. Bg2 c5 6. Na3 Nc6 7. Nxc4 cxd4 8.
O-O Bc5 9. b3 O-O 10. Bb2 a6 11. Rc1 Ba7 12. Ba3 Ne7 13. e3 Bd7 14. Nxd4 Nfd5
15. Qd2 Rc8 16. Nd6 Rxc1 17. Rxc1 Qb8 18. e4 Nf6 19. Nxb7 Rc8 20. Nc5 Bb5 21.
b4 Ng6 22. Bb2 Rd8 23. Qc3 h5 24. a4 Bxa4 25. Ndxe6 fxe6 26. Nxa4 Bd4 27. Qc4
Bxb2 28. Nxb2 Qb6 29. Na4 Qd6 30. Nc5 Qd2 31. Rf1 Rd4 32. Qxa6 Qxb4 33. Nxe6
Rd2 34. Qa8+ Nf8 35. e5 N6d7 36. Qe8 Qc4 37. Nxf8 Nxf8 38. Qxh5 Qd4 39. Qf5 g6
40. Qe4 Qc5 41. Bh3 Kg7 42. Qf4 Rd4 43. Qf6+ Kg8 44. e6 Re4 45. Qf7+ Kh8 46.
Rd1 g5 47. Bf5 Re2 48. Qh5+ Kg7 49. Qxe2 1-0

[Event "FIDE WCC Rapid Open 2019"]
[Site "Moscow"]
[Date "2019.12.27"]
[Round "6.41"]
[White "Adhiban, B.."]
[Black "Suleymanli, Aydin"]
[Result "0-1"]
[WhiteElo "2607"]
[BlackElo "2086"]
[Annotator "ChessBase"]
[PlyCount "124"]
[EventDate "2019.12.26"]
[EventType "swiss"]
[EventCountry "RUS"]
[Tiebreak "Cut2 Buchholz+Sum of Buchholz"]
[SourceTitle "playchess.com"]
[Source "ChessBase"]
[SourceQuality "1"]

1. Nf3 Nf6 2. c4 e6 3. g3 d5 4. Bg2 Be7 5. O-O O-O 6. b3 c5 7. Bb2 d4 8. e3 Nc6
9. exd4 cxd4 10. Re1 Ne8 11. Ne5 Qb6 12. Na3 Nxe5 13. Rxe5 f6 14. Re1 e5 15.
Nc2 Qc7 16. Qe2 Bd6 17. Nxd4 exd4 18. Bd5+ Kh8 19. Qxe8 Bg4 20. Qb5 Rab8 21.
Bxd4 Bd7 22. Bxa7 Bxb5 23. Bxb8 Rxb8 24. cxb5 Be5 25. Rac1 Qd7 26. Bc4 h5 27.
Rcd1 h4 28. d4 Bd6 29. Re4 g5 30. Rde1 Bb4 31. R1e2 h3 32. a4 Rc8 33. g4 Kg7
34. f3 f5 35. gxf5 Qxf5 36. Be6 Rc1+ 37. Kf2 Qf6 38. Bxh3 Qd6 39. Kg2 Rd1 40.
Re5 Qxd4 41. Bg4 Rg1+ 42. Kh3 Qd8 43. Re8 Qd3 44. R8e4 Qd1 45. Rg2 Qf1 46. Ree2
Bc5 47. a5 Rxg2 48. Rxg2 Qxb5 49. Bf5 Kf6 50. Be4 Qxa5 51. Bxb7 Qc7 52. Be4
Qc8+ 53. Rg4 Bd6 54. Kg2 Qh8 55. h3 Bc7 56. h4 gxh4 57. Kh3 Bg3 58. b4 Qb8 59.
Bc6 Qd6 60. b5 Qd1 61. Rg8 Qf1+ 62. Kg4 Qc4+ 0-1